تربية المراة والحجاب : وهو رد على دعاة محرري المراة

Bibliographic Details
Main Author: حرب, محمد طلعت (Author)
Format: Book
Published: Riyad : Maktabah Adwa' al-Salaf , 1999
Subjects:

MARC

LEADER 00000cam a2200000 7i4500
001 0000036708
005 20051220093000.0
090 0 0 |a HQ1236.5.I8   |b H37 1999 
100 0 |a حرب, محمد طلعت ,   |e author 
241 2 0 |a Tarbiyat al-mar'ah wa-al-hijab   |b wa-huwa radd `ala al-du`at muharriri al-mar'ah 
245 1 0 |a تربية المراة والحجاب :   |b وهو رد على دعاة محرري المراة   |c محمد طلعت حرب 
260 2 |a Riyad :   |b Maktabah Adwa' al-Salaf ,   |c 1999 
300 |a 100 p. ;   |c 24 cm. 
650 0 |a Women   |x Education 
650 0 |a Women   |x Social and moral questions 
650 0 |a Women   |z Arab countries 
999 |a 1000080242   |b Book   |c OPEN SHELF (30 DAYS)   |e Gong Badak Campus